Регионална библиотека "Любен Каравелов" - Русе

Художественный металл Урала XVIII - XIX веков (Запис номер 210079)

MARC детайли
000 -Лидер
Контролно поле с фиксирана дължина 01911nkm a2200481 c 4500
003 - Код на организацията, давaща контролен номер
Контролно поле BLK
005 - Дата и час на последна редакция
Контролно поле 20180421002018.0
008 - Елементи от данни с фиксирана дължина
fixed length control field 180412b bul rap|r|||| r0| ||bulo|
010 ## - Наследен системен номер
LC control number KNG00161502000
040 ## - Източник на каталожния запис
Идентификатор на билиотеката - собственик на записа BLK
041 ## - Код за език
Код за езика на текст/звукозапис или на отделно заглавие Руски
Код за езика КДБФ Руски
Други езици Немски
-- Английски
-- Френски
080 ## - УДК
Текстов определител УДК Художествена обработка на метали
УДК код - определител по УДК 739
УДК определител (470)
УДК - код + определител 739(470)
100 1# - Редна дума - Автор
Автор Павловский, Борис Васильевич
Авторска отговорност първи автор
R(LIN) 352290
139 ## - Редно поле
Редна дума Павловский, Борис Васильевич
Авторски знак Павло - П 13
245 10 - Сведения за заглавието
Заглавие Художественный металл Урала XVIII - XIX веков
Редно поле (дума) Борис Васильевич Павловский.
246 11 - Различни форми на заглавието
Паралелно заглавие Decorative Metal-Work of the Urals XVIII - XIXth centuries = Metal decoratif de l'Oural XVIII - XIXes siecles = Das dekorative Metall des Urals XVIII - XIX Jahrhunderte
257 ## - Страна на издаване
Страна на създаване/издаване СССР
260 ## - Област на издателските данни
-- Свердловск
Име на издателя, разпространителя и проч. Средне-Уральское кн. изд.
Година на издаване 1982
300 ## - Физическа характеристика
Страници 206 с.
Илюстрации и др. с ил.
Размери/Мащаб 31 см
380 ## - Жанр
Жанр Изкуство
500 ## - Общи забележки
Забележка 30 000 тир. - Списък с ил.
650 #4 - Допълнително описание по предмет – тема
Основно описание – тема или топоним Художествена обработка на метали
9 (RLIN) 304872
651 #4 - Допълнително описание по предмет - топоним
Географско понятие Урал
9 (RLIN) 179709
651 #4 - Допълнително описание по предмет - топоним
Географско понятие Русия
9 (RLIN) 179465
653 ## - Ключова дума – ненормативна
Ключова дума обработка на метали
653 ## - Ключова дума – ненормативна
Ключова дума XVIII в.
653 ## - Ключова дума – ненормативна
Ключова дума XIX в.
653 ## - Ключова дума – ненормативна
Ключова дума малки пластики
653 ## - Ключова дума – ненормативна
Ключова дума оръжия
653 ## - Ключова дума – ненормативна
Ключова дума рисуване
653 ## - Ключова дума – ненормативна
Ключова дума медни съдове
653 ## - Ключова дума – ненормативна
Ключова дума битови предмети
653 ## - Ключова дума – ненормативна
Ключова дума ковано желязо
653 ## - Ключова дума – ненормативна
Ключова дума шлемове
653 ## - Ключова дума – ненормативна
Ключова дума доспехи
653 ## - Ключова дума – ненормативна
Ключова дума Урал
653 ## - Ключова дума – ненормативна
Ключова дума Русия
852 ## - Местоположение
Форматна сигнатура Цб Гр А ІІ 2921
856 4# - Електронен адрес и достъп
Електронен формат pdf - файл
Път до файла /url/
856 4# - Електронен адрес и достъп
Електронен формат pdf - файл
Път до файла /url/
942 ## - АРТИКУЛИ
Вид на библиотечния материал Графични издания
Скрит в OPAC Не
944 ## - СЪЗДАВАНЕ И РЕДАКЦИЯ на ЗАПИСА
Създаване/Редакция Създаване
Дата на регистрацията/редакция 30.05.2014
Статус, дата на статуса 30.05.2014 - от С1,Р / 30.05.2014
Служител, извършил регистрацията/редакцията Камелия_Данева
944 ## - СЪЗДАВАНЕ И РЕДАКЦИЯ на ЗАПИСА
Създаване/Редакция Редакция
Дата на регистрацията/редакция 30.05.2014
Статус, дата на статуса 30.05.2014 - от С1,Р / 30.05.2014
Служител, извършил регистрацията/редакцията
999 ## - СИСТЕМНИ КОНТРОЛНИ НОМЕРА
Koha biblionumber 210079
Koha biblioitemnumber 210079
Наличности
Код за отписване Код за изгубен артикул Източник на класификационната схема Код за повреда Коз за рестрикции Код за отдаване Артикулен № Име на библиотеката - собственик Име на библиотеката, в която се намира в момента Статус (Текущо местоположение) Дата на вписване в системата Местоположение - отдел Цена в лева Инвентарен номер Систематично азбучна сигнатура Баркод Номер на екземпляра Цена в евро Служебна бележка Служебен тип на артикула
  Не е изгубен Universal Decimal Classification Не е повреден без рестрикции заемане за дома 361564 Регионална библиотека "Любен Каравелов" Русе Регионална библиотека "Любен Каравелов" Русе Отдел Изкуство - подръчен фонд 1982-01-01 Отдел Изкуство - подръчен фонд 12.00 370787 739/П 13 120000370787 1 6.14 Дост: Pk Вид: Ф N: стар фонд Дата: 01.01.1982 Дата инв: 03.06.2015 Бележки инв: ГрИ2015 Графични издания
Vip Innovations Ltd, Rousse, Bulgaria 2025